[Event "SV Empor Berlin-Schvgg Blankenese"]
[Site "?"]
[Date "2020.09.12"]
[Round "5.1"]
[White "von Rosen, Jakob"]
[Black "Sulayev, Daniel"]
[Result "0-1"]
[WhiteElo "1827"]
[BlackElo "2185"]
[PlyCount "56"]
[EventDate "2020.??.??"]
[WhiteTeam "Schvgg Blankenese"]
[BlackTeam "SV Empor Berlin"]

1. e4 c5 2. Nf3 Nc6 3. d4 cxd4 4. Nxd4 e5 5. Nb5 d6 6. N1c3 a6 7. Na3 Be6 8.
Nd5 Bxd5 9. exd5 Nce7 10. c4 f5 11. Qa4+ Kf7 12. Be2 g6 13. O-O Nf6 14. Kh1 Bg7
15. f4 Ne4 16. fxe5 Bxe5 17. Qb4 Bd4 18. g3 h5 19. Nc2 Bc5 20. Qxb7 h4 21. g4
Ng3+ 22. hxg3 hxg3+ 23. Kg2 Rh2+ 24. Kxg3 Qh8 25. Bg5 Qh3+ 26. Kf4 Rxe2 27.
Qxe7+ Rxe7 28. gxf5 gxf5 0-1

[Event "SV Empor Berlin-Schvgg Blankenese"]
[Site "?"]
[Date "2020.09.12"]
[Round "5.2"]
[White "Breitzmann, Sander"]
[Black "Burgtorf, Benjamin"]
[Result "1/2-1/2"]
[WhiteElo "1888"]
[BlackElo "1821"]
[PlyCount "178"]
[EventDate "2020.??.??"]
[WhiteTeam "SV Empor Berlin"]
[BlackTeam "Schvgg Blankenese"]

1. e4 c5 2. c4 Nc6 3. Nc3 g6 4. g3 Bg7 5. Bg2 e6 6. Nge2 Nge7 7. d3 O-O 8. O-O
b6 9. Be3 Bb7 10. d4 cxd4 11. Nxd4 Na5 12. Qe2 Rc8 13. b3 d5 14. exd5 exd5 15.
Rad1 Re8 16. Nxd5 Nxd5 17. cxd5 Rc7 18. Nb5 Ba6 19. d6 Rc5 20. a4 Qd7 21. b4
Rxb5 22. axb5 Bxb5 23. Bh3 Qc6 24. Qg4 Nc4 25. Bg2 Qd7 26. Qxd7 Bxd7 27. Rc1
Bb5 28. Rfd1 Bb2 29. Rc2 Bf6 30. Rd5 a6 31. Bf4 Re1+ 32. Bf1 Rxf1+ 33. Kxf1
Ne3+ 34. Kg1 Nxd5 35. Rc8+ Kg7 36. Rb8 Nxf4 37. gxf4 Bc3 38. Rxb6 Bxb4 39. d7
Be7 40. Rb8 Bxd7 41. Rb7 Bb5 42. Rxe7 Kf6 43. Rc7 h5 44. Kg2 Bd3 45. Kg3 Be2
46. Rb7 Bb5 47. Rb6+ Kf5 48. Kf3 Bc4 49. Ke3 Bb5 50. Rb7 Kf6 51. Rc7 Bf1 52.
Ke4 Bb5 53. Kd4 Bf1 54. Kd5 Bg2+ 55. Kd6 Bh3 56. Ra7 Bf1 57. Kc5 Be2 58. Rc7
Bb5 59. Kb6 Be2 60. Kc6 Bb5+ 61. Kb7 Be2 62. Rc5 Bd3 63. Kc7 Bb5 64. Re5 Bf1
65. Kd8 Bb5 66. Re7 Ba4 67. Ra7 Bb5 68. Rb7 Ke6 69. Rb6+ Kf5 70. Ke7 Kxf4 71.
Rf6+ Kg4 72. Kxf7 Bd3 73. Rd6 Bf5 74. Rd2 Be4 75. Kf6 h4 76. Ra2 Kf3 77. Kg5 h3
78. Rxa6 Kg2 79. Kf4 Bf5 80. Ra2 Kxh2 81. f3+ Kg1 82. Kg3 Kf1 83. f4 Ke1 84.
Rh2 Kd1 85. Kf3 Ke1 86. Re2+ Kf1 87. Rf2+ Ke1 88. Rh2 Kd1 89. Kg3 Ke1 1/2-1/2

[Event "SV Empor Berlin-Schvgg Blankenese"]
[Site "?"]
[Date "2020.09.12"]
[Round "5.3"]
[White "Sell, Eero"]
[Black "Mankel, Luca"]
[Result "1-0"]
[WhiteElo "1744"]
[BlackElo "1926"]
[PlyCount "61"]
[EventDate "2020.??.??"]
[WhiteTeam "Schvgg Blankenese"]
[BlackTeam "SV Empor Berlin"]

1. e4 c5 2. Nc3 a6 3. f4 b5 4. Nf3 Bb7 5. d3 e6 6. g3 Nf6 7. Bg2 d5 8. O-O Qb6
9. e5 d4 10. exf6 dxc3 11. d4 cxd4 12. Nxd4 Bc5 13. bxc3 gxf6 14. Bxb7 Qxb7 15.
Be3 Qb6 16. Qf3 Nc6 17. Bf2 Rc8 18. Rad1 Kf8 19. Qh5 Bxd4 20. cxd4 Qb7 21. d5
Ne7 22. Qh6+ Kg8 23. d6 Nd5 24. Rd2 Qd7 25. Rxd5 exd5 26. Bd4 Qe6 27. f5 Qxd6
28. Bxf6 Qc5+ 29. Rf2 Qf8 30. Qg5+ Qg7 31. Qxg7# 1-0

[Event "SV Empor Berlin-Schvgg Blankenese"]
[Site "?"]
[Date "2020.09.12"]
[Round "5.4"]
[White "Ellert, Oliver"]
[Black "Tao, Alexander"]
[Result "0-1"]
[WhiteElo "1764"]
[BlackElo "1587"]
[PlyCount "82"]
[EventDate "2020.??.??"]
[WhiteTeam "SV Empor Berlin"]
[BlackTeam "Schvgg Blankenese"]

1. d4 d5 2. Bf4 Nf6 3. Nf3 c5 4. e3 Nc6 5. c3 e6 6. Bd3 cxd4 7. exd4 Nh5 8. Bg5
f6 9. Nfd2 g6 10. Bh4 Bd6 11. Bc2 O-O 12. O-O Qc7 13. Bg3 Nxg3 14. fxg3 Bd7 15.
Nf3 b5 16. a3 a5 17. Nbd2 b4 18. axb4 axb4 19. Qe2 bxc3 20. bxc3 Rfb8 21. c4
dxc4 22. Nxc4 Bb4 23. Be4 Rxa1 24. Rxa1 Nxd4 25. Nxd4 Bc5 26. Rd1 e5 27. Bd5+
Kg7 28. Kh1 exd4 29. Qf3 h5 30. Rc1 Bf5 31. h3 Qe7 32. g4 hxg4 33. Qg3 Re8 34.
h4 d3 35. Nd2 Bd6 36. Qf2 Qe3 37. Qxe3 Rxe3 38. Rd1 Bg3 39. Nf1 Re1 40. Bb3 d2
41. Kg1 Bd3 0-1

[Event "Hamburger SK-Delmenhorster SK"]
[Site "?"]
[Date "2020.09.12"]
[Round "5.1"]
[White "Pahl, Erik"]
[Black "Kotyk, Michael"]
[Result "1-0"]
[WhiteElo "2097"]
[BlackElo "1993"]
[PlyCount "31"]
[EventDate "2020.??.??"]
[WhiteTeam "Delmenhorster SK"]
[BlackTeam "Hamburger SK"]

1. e4 c5 2. Nf3 Nc6 3. d4 cxd4 4. Nxd4 Nf6 5. Nc3 d6 6. Bc4 Qb6 7. Nb3 e6 8. a4
Nxe4 9. Nxe4 d5 10. Be3 Qb4+ 11. Ned2 dxc4 12. c3 Qd6 13. Nxc4 Qc7 14. Na3 a6
15. Nc4 Ne5 16. Bb6 1-0

[Event "Hamburger SK-Delmenhorster SK"]
[Site "?"]
[Date "2020.09.12"]
[Round "5.2"]
[White "Klaas, Heiko"]
[Black "Pahl, Theis"]
[Result "1/2-1/2"]
[WhiteElo "1950"]
[BlackElo "2012"]
[PlyCount "76"]
[EventDate "2020.??.??"]
[WhiteTeam "Hamburger SK"]
[BlackTeam "Delmenhorster SK"]

1. e4 c5 2. Nc3 a6 3. Nge2 d6 4. g3 Nc6 5. Bg2 g6 6. O-O Bg7 7. b3 e6 8. Bb2
Nge7 9. f4 O-O 10. d3 b5 11. Qd2 Bb7 12. Rae1 d5 13. e5 h5 14. d4 Qb6 15. Nd1
cxd4 16. Nxd4 Nf5 17. c3 b4 18. Qf2 Nfxd4 19. cxd4 a5 20. Qd2 a4 21. Ne3 a3 22.
Ba1 Ne7 23. Rc1 Rfc8 24. Bf3 Bh6 25. Be2 Rab8 26. h3 Ba6 27. Kg2 Bxe2 28. Qxe2
Qb5 29. Qd2 Rc6 30. Rxc6 Nxc6 31. Rc1 Qb6 32. Kf3 Rc8 33. g4 Ne7 34. Rg1 Kh8
35. Nc2 Rb8 36. Qd3 Qb5 37. Qd2 Qb6 38. Qd3 Qb5 1/2-1/2

[Event "Hamburger SK-Delmenhorster SK"]
[Site "?"]
[Date "2020.09.12"]
[Round "5.3"]
[White "Alhamid, Mohamad"]
[Black "Mandelkow, Elias"]
[Result "1-0"]
[WhiteElo "1796"]
[BlackElo "1845"]
[PlyCount "91"]
[EventDate "2020.??.??"]
[WhiteTeam "Delmenhorster SK"]
[BlackTeam "Hamburger SK"]

1. b4 e6 2. Bb2 Nf6 3. a3 b6 4. e3 Bb7 5. Nf3 c5 6. bxc5 Bxc5 7. c4 Nc6 8. d4
Bd6 9. Bd3 Rc8 10. e4 Bb8 11. e5 Ng8 12. d5 Na5 13. dxe6 dxe6 14. Qe2 Ne7 15.
Nbd2 Ng6 16. Bxg6 hxg6 17. Rc1 g5 18. Ne4 Bxe4 19. Qxe4 Nb3 20. Rd1 Qe7 21. Qg4
Na5 22. Rd4 Nb3 23. Rd1 b5 24. cxb5 Rc2 25. Nd4 Rh4 26. Qf3 Nxd4 27. Bxd4 Rc4
28. Be3 Qxa3 29. Bxg5 Qa5+ 30. Kf1 Rhd4 31. Rxd4 Rxd4 32. Qc6+ Rd7 33. Qc8+ Rd8
34. Qxd8+ Qxd8 35. Bxd8 Kxd8 36. f4 Bc7 37. Ke2 Bb6 38. Kd3 Kd7 39. Rc1 Kd8 40.
Rc6 Kd7 41. g4 Kd8 42. f5 Kd7 43. h4 Bf2 44. h5 Bb6 45. f6 g6 46. h6 1-0

[Event "Hamburger SK-Delmenhorster SK"]
[Site "?"]
[Date "2020.09.12"]
[Round "5.4"]
[White "Reyes-Mantilla, Andrés Mauricio"]
[Black "Wander, Dennis"]
[Result "0-1"]
[WhiteElo "1461"]
[BlackElo "1529"]
[PlyCount "60"]
[EventDate "2020.??.??"]
[WhiteTeam "Hamburger SK"]
[BlackTeam "Delmenhorster SK"]

1. e4 e5 2. Nf3 Nf6 3. Nxe5 d6 4. Nf3 Nxe4 5. Nc3 Bf5 6. Bc4 c6 7. O-O d5 8.
Re1 Be7 9. Bb3 O-O 10. d3 Ng5 11. Bxg5 Bxg5 12. Re5 Bg4 13. h3 Bxf3 14. Qxf3
Nd7 15. Re2 Nc5 16. Rae1 Bf6 17. Nd1 Qd7 18. c3 Nxb3 19. axb3 Rfe8 20. d4 h6
21. Ne3 Re6 22. Nf5 Rae8 23. Rxe6 Rxe6 24. Ra1 a6 25. Rd1 Bd8 26. Qg4 g5 27.
Nxh6+ Kf8 28. Nf5 Re4 29. Qh5 Qxf5 30. f3 Rh4 0-1

[Event "Schachzwerge Magd.-1. SC Anhalt"]
[Site "?"]
[Date "2020.09.12"]
[Round "5.1"]
[White "Schröter, Christopher"]
[Black "Zeuner, Ole"]
[Result "0-1"]
[WhiteElo "1641"]
[BlackElo "1854"]
[PlyCount "110"]
[EventDate "2020.??.??"]
[WhiteTeam "1. SC Anhalt"]
[BlackTeam "Schachzwerge Magd."]

1. d4 Nf6 2. g3 g6 3. Bg2 d5 4. Nf3 Bg7 5. O-O O-O 6. c4 dxc4 7. Nc3 c6 8. e4
b5 9. a3 Qb6 10. Be3 Ng4 11. Qc2 Nxe3 12. fxe3 Nd7 13. Kh1 Nf6 14. Rad1 a5 15.
Rfe1 Bb7 16. e5 Nd7 17. e4 c5 18. dxc5 Nxc5 19. Nd5 Bxd5 20. exd5 Nd3 21. Re2
Rad8 22. b3 Rxd5 23. bxc4 bxc4 24. Nd2 Rxe5 25. Nxc4 Rxe2 26. Qxd3 Qf2 27. Qf3
Re1+ 28. Rxe1 Qxe1+ 29. Bf1 Rd8 30. Kg2 Qc3 31. Qe2 e5 32. Qf2 Rc8 33. Qe2 a4
34. Qg4 f5 35. Qd1 Qd4 36. Qxa4 Qd5+ 37. Kg1 Qc5+ 38. Kg2 Qc6+ 39. Qxc6 Rxc6
40. Kf3 Kf7 41. a4 Ke6 42. a5 e4+ 43. Ke3 Ra6 44. Kd2 Bf6 45. Kc2 Bd8 46. Kd2
Bxa5+ 47. Nxa5 Rxa5 48. Ke3 Ke5 49. Bc4 Ra3+ 50. Kf2 g5 51. Bg8 h6 52. Bc4 f4
53. gxf4+ gxf4 54. Ke2 Kd4 55. Bf7 Rh3 0-1

[Event "Schachzwerge Magd.-1. SC Anhalt"]
[Site "?"]
[Date "2020.09.12"]
[Round "5.2"]
[White "Stockmann, Till"]
[Black "Böhm, Florian"]
[Result "1-0"]
[WhiteElo "1981"]
[BlackElo "1627"]
[PlyCount "75"]
[EventDate "2020.??.??"]
[WhiteTeam "Schachzwerge Magd."]
[BlackTeam "1. SC Anhalt"]

1. e4 d5 2. exd5 Qxd5 3. Nc3 Qa5 4. d4 c6 5. Nf3 Nf6 6. Bc4 Bg4 7. h3 Bxf3 8.
Qxf3 e6 9. Bd2 Qc7 10. O-O-O Bd6 11. Rhe1 O-O 12. g4 Nbd7 13. g5 Nd5 14. Ne4
Bf4 15. Be3 b5 16. Bd3 Bxe3+ 17. fxe3 Nb4 18. Nf6+ Nxf6 19. gxf6 Nxd3+ 20. Rxd3
g6 21. Rg1 c5 22. Qh5 Kh8 23. Qh6 Rg8 24. Rg4 g5 25. Rxg5 Rxg5 26. Qxg5 Rg8 27.
Qxc5 Qg3 28. b3 Qe1+ 29. Kb2 b4 30. a3 bxa3+ 31. Qxa3 Rc8 32. Qa6 Rc7 33. Qd6
Rc8 34. Qd7 Rf8 35. Rc3 h6 36. Qe7 Kg8 37. Qxf8+ Kxf8 38. Rc8# 1-0

[Event "Schachzwerge Magd.-1. SC Anhalt"]
[Site "?"]
[Date "2020.09.12"]
[Round "5.3"]
[White "Lautenschläger, Friedrich"]
[Black "Morgenstern, Tobias"]
[Result "1-0"]
[WhiteElo "1552"]
[BlackElo "1922"]
[PlyCount "45"]
[EventDate "2020.??.??"]
[WhiteTeam "1. SC Anhalt"]
[BlackTeam "Schachzwerge Magd."]

1. d4 Nf6 2. c4 d6 3. Nc3 g6 4. e4 Bg7 5. f4 O-O 6. Nf3 c5 7. d5 e6 8. Be2 exd5
9. exd5 Re8 10. O-O Bf5 11. Bd3 Ne4 12. Nxe4 Bxe4 13. Bxe4 Rxe4 14. Ng5 Rd4 15.
Qb3 b6 16. Qh3 h6 17. Nxf7 Kxf7 18. Qe6+ Kf8 19. f5 g5 20. f6 Bh8 21. f7 Bg7
22. Bxg5 hxg5 23. Rae1 1-0

[Event "Schachzwerge Magd.-1. SC Anhalt"]
[Site "?"]
[Date "2020.09.12"]
[Round "5.4"]
[White "Heutling, Elina"]
[Black "Kopvillem, Mikhail"]
[Result "1-0"]
[WhiteElo "1904"]
[BlackElo "1516"]
[PlyCount "23"]
[EventDate "2020.??.??"]
[WhiteTeam "Schachzwerge Magd."]
[BlackTeam "1. SC Anhalt"]

1. e4 a6 2. d4 b5 3. Bd3 Bb7 4. a4 b4 5. Be3 f5 6. exf5 Bxg2 7. Qh5+ g6 8. fxg6
Nf6 9. g7+ Nxh5 10. gxh8=Q e6 11. Qxh7 Qf6 12. Qxh5+ 1-0

[Event "Mattnetz Berlin-Königsspringer SC 1984"]
[Site "?"]
[Date "2020.09.12"]
[Round "5.1"]
[White "Summers, Jan"]
[Black "Bui, Bao Anh Le"]
[Result "0-1"]
[WhiteElo "1664"]
[BlackElo "2053"]
[PlyCount "56"]
[EventDate "2020.??.??"]
[WhiteTeam "Königsspringer SC 1984"]
[BlackTeam "Mattnetz Berlin"]

1. e4 c5 2. b3 Nc6 3. Bb2 e5 4. Bb5 d6 5. Ne2 Nge7 6. O-O Ng6 7. d3 Be7 8. Nd2
Bg5 9. Nf3 Bh6 10. Ng3 Qf6 11. Nh5 Qe7 12. Bc1 Bg4 13. Bxh6 Bxh5 14. Bg5 Bxf3
15. Bxe7 Bxd1 16. Bxd6 Bg4 17. Bxc5 Bd7 18. c3 Nf4 19. d4 b6 20. d5 Nd8 21.
Bxd7+ Kxd7 22. Ba3 Ne2+ 23. Kh1 Nxc3 24. f4 exf4 25. Rxf4 Re8 26. Re1 g5 27.
Rg4 h5 28. Rxg5 Nxe4 0-1

[Event "Mattnetz Berlin-Königsspringer SC 1984"]
[Site "?"]
[Date "2020.09.12"]
[Round "5.2"]
[White "Schnabel, Luise"]
[Black "Kipke, Mark"]
[Result "1-0"]
[WhiteElo "1932"]
[BlackElo "1674"]
[PlyCount "49"]
[EventDate "2020.??.??"]
[WhiteTeam "Mattnetz Berlin"]
[BlackTeam "Königsspringer SC 1984"]

1. e4 c5 2. Nf3 d6 3. d4 cxd4 4. Nxd4 Nf6 5. Nc3 g6 6. Be2 Bg7 7. O-O O-O 8.
Nb3 Nc6 9. Bg5 Be6 10. f4 Qb6+ 11. Kh1 Bxb3 12. axb3 Nd7 13. Nd5 Qd8 14. c3 f6
15. Bh4 e6 16. Ne3 Nb6 17. Bf3 Qc7 18. Qe2 Rae8 19. Qf2 Kh8 20. Rfd1 Ne7 21.
Rxa7 Rd8 22. c4 Bh6 23. e5 g5 24. exf6 gxh4 25. Rxb7 1-0

[Event "Mattnetz Berlin-Königsspringer SC 1984"]
[Site "?"]
[Date "2020.09.12"]
[Round "5.3"]
[White "Peters, Malte"]
[Black "Ho, Ngoc Hai-Dang"]
[Result "0-1"]
[WhiteElo "1387"]
[BlackElo "1855"]
[PlyCount "110"]
[EventDate "2020.??.??"]
[WhiteTeam "Königsspringer SC 1984"]
[BlackTeam "Mattnetz Berlin"]

1. e4 e5 2. Nf3 Nc6 3. Bc4 Bc5 4. b4 Bb6 5. b5 Na5 6. Bxf7+ Kxf7 7. Nxe5+ Kf8
8. Qh5 Qf6 9. Rf1 d6 10. f4 g6 11. Qe2 Ke8 12. Bb2 Ne7 13. Nd3 Bd4 14. e5 dxe5
15. fxe5 Qb6 16. c3 Bc5 17. Nf4 Be6 18. Nxe6 Qxe6 19. Rf6 Qd5 20. d4 Bb6 21.
Nd2 Qd7 22. Ne4 Nd5 23. c4 Nxc4 24. Qxc4 Ba5+ 25. Kf2 Rf8 26. Rxf8+ Kxf8 27.
Ba3+ Kg7 28. Rf1 Qf5+ 29. Kg1 Qxe4 30. Be7 Qxg2+ 31. Kxg2 Ne3+ 32. Kf2 Nxc4 33.
Ke2 Nb6 34. Kd3 Nd5 35. Ba3 Rd8 36. Bb2 Rf8 37. Rxf8 Kxf8 38. a3 Kf7 39. Kc4
Ke6 40. Bc1 Be1 41. Kc5 Bh4 42. Kc4 Nb6+ 43. Kb4 Kd5 44. Kc3 Bf2 45. Kd3 Bxd4
46. e6 Bf6 47. Bf4 c6 48. bxc6 bxc6 49. Bb8 a6 50. Ba7 Nc8 51. Be3 Nd6 52. a4
Kxe6 53. h3 Kd5 54. Bd2 Nc4 55. Bc1 Nb2+ 0-1

[Event "Mattnetz Berlin-Königsspringer SC 1984"]
[Site "?"]
[Date "2020.09.12"]
[Round "5.4"]
[White "Franz, Franz Theodor"]
[Black "Riege, Ole"]
[Result "0-1"]
[WhiteElo "1587"]
[BlackElo "1207"]
[PlyCount "78"]
[EventDate "2020.??.??"]
[WhiteTeam "Mattnetz Berlin"]
[BlackTeam "Königsspringer SC 1984"]

1. e4 c6 2. d4 d5 3. Nc3 dxe4 4. Nxe4 Nf6 5. Nxf6+ exf6 6. Bc4 Bd6 7. Nf3 O-O
8. O-O Bg4 9. h3 Bh5 10. Be3 Qc7 11. Be2 Nd7 12. Qd2 Rfd8 13. Rfd1 Nb6 14. g4
Bg6 15. c4 c5 16. d5 h6 17. Rac1 Rac8 18. b4 Nd7 19. a3 f5 20. Qe1 fxg4 21.
hxg4 Nf6 22. Nh4 Bh7 23. g5 hxg5 24. Bxg5 Be7 25. f4 Re8 26. Qf1 Ne4 27. Bg4
Bxg5 28. fxg5 Qg3+ 29. Qg2 Qxg2+ 30. Kxg2 Rcd8 31. g6 fxg6 32. Re1 Nf6 33. Be6+
Kf8 34. bxc5 g5 35. Nf5 Rxe6 36. dxe6 Rd2+ 37. Kg1 Bxf5 38. Re5 g6 39. Rf1 Ke7
0-1

[Event "Turm Lüneburg-Greifswalder SV"]
[Site "?"]
[Date "2020.09.12"]
[Round "5.1"]
[White "Fromm, Marius"]
[Black "Wusterack, Paul"]
[Result "1-0"]
[WhiteElo "2181"]
[BlackElo "1599"]
[PlyCount "73"]
[EventDate "2020.??.??"]
[WhiteTeam "Greifswalder SV"]
[BlackTeam "Turm Lüneburg"]

1. e4 e6 2. d4 d5 3. Nc3 Nf6 4. e5 Nfd7 5. f4 c5 6. Nf3 Nc6 7. Be3 b6 8. Qd2
cxd4 9. Nxd4 Nxd4 10. Bxd4 Bc5 11. O-O-O a6 12. h4 Bb7 13. g4 Qc7 14. h5 b5 15.
Rh3 b4 16. Ne2 a5 17. Bxc5 Nxc5 18. Nd4 Ne4 19. Bb5+ Kf8 20. Qe1 Rc8 21. Bd3
Nc3 22. bxc3 bxc3 23. Nb5 Qc5 24. Bf1 Qb4 25. Rxc3 Rxc3 26. Qxc3 Qxf4+ 27. Kb2
g6 28. Bd3 Qxg4 29. h6 Qb4+ 30. Qxb4+ axb4 31. Nd6 Bc6 32. Rf1 Be8 33. Bb5 Bxb5
34. Rxf7+ Kg8 35. Rg7+ Kf8 36. Nxb5 g5 37. Nc7 1-0

[Event "Turm Lüneburg-Greifswalder SV"]
[Site "?"]
[Date "2020.09.12"]
[Round "5.2"]
[White "Rick, Niklas Corvin"]
[Black "Troyke, Jannis"]
[Result "0-1"]
[WhiteElo "1521"]
[BlackElo "1995"]
[PlyCount "64"]
[EventDate "2020.??.??"]
[WhiteTeam "Turm Lüneburg"]
[BlackTeam "Greifswalder SV"]

1. d4 Nf6 2. c4 g6 3. Nc3 d5 4. e3 Bg7 5. Nf3 O-O 6. Be2 c5 7. O-O cxd4 8. Nxd4
Nc6 9. Nf3 dxc4 10. Bxc4 Bf5 11. Qe2 Rc8 12. Rd1 Qc7 13. Bd3 Bxd3 14. Rxd3 Rfd8
15. Rxd8+ Rxd8 16. Bd2 Nd5 17. Rc1 Ndb4 18. Nb5 Qb6 19. Be1 Nd3 20. Rxc6 bxc6
21. Nc3 Qxb2 22. Qxb2 Nxb2 23. Kf1 Nd3 24. Ne4 f5 25. Neg5 Nxe1 26. Kxe1 Bc3+
27. Ke2 e5 28. e4 Rd6 29. exf5 gxf5 30. Ne1 Rd2+ 31. Ke3 Rxa2 32. Nd3 Bd2+ 0-1

[Event "Turm Lüneburg-Greifswalder SV"]
[Site "?"]
[Date "2020.09.12"]
[Round "5.3"]
[White "Kallweit, Paul"]
[Black "Ziller, Anton"]
[Result "1-0"]
[WhiteElo "1965"]
[BlackElo "1542"]
[PlyCount "57"]
[EventDate "2020.??.??"]
[WhiteTeam "Greifswalder SV"]
[BlackTeam "Turm Lüneburg"]

1. d4 d5 2. c4 c6 3. Nf3 Nf6 4. Nc3 e6 5. e3 Be7 6. Qc2 O-O 7. b3 Nbd7 8. Be2
b5 9. cxb5 cxb5 10. Bxb5 Nb6 11. O-O Bd7 12. Ba6 Bc8 13. Bd3 Bb7 14. Bb2 Rc8
15. a3 a6 16. Rfc1 Ne4 17. Qe2 f5 18. Bxa6 Bxa6 19. Qxa6 Rf6 20. Nxe4 fxe4 21.
Rxc8 Nxc8 22. Ne5 Bd6 23. Rc1 Ne7 24. Nc6 Nxc6 25. Rxc6 Bxh2+ 26. Kxh2 Rh6+ 27.
Kg1 Qh4 28. Qc8+ Kf7 29. Rc7+ 1-0

[Event "Turm Lüneburg-Greifswalder SV"]
[Site "?"]
[Date "2020.09.12"]
[Round "5.4"]
[White "Hahn, Sebastian"]
[Black "Khanbekyan, Areg"]
[Result "1-0"]
[WhiteElo "1180"]
[BlackElo "1749"]
[PlyCount "153"]
[EventDate "2020.??.??"]
[WhiteTeam "Turm Lüneburg"]
[BlackTeam "Greifswalder SV"]

1. d4 Nf6 2. Bg5 c6 3. Bxf6 gxf6 4. c4 Qb6 5. Qd2 f5 6. e3 d6 7. Bd3 Bg7 8. Nc3
Bd7 9. Nf3 Na6 10. a3 c5 11. d5 Rg8 12. O-O O-O-O 13. Rab1 Bf6 14. Ne2 e5 15.
dxe6 fxe6 16. Ng3 Bc6 17. Qe2 Qc7 18. b4 cxb4 19. axb4 Qg7 20. b5 Bxf3 21. Qxf3
Nc5 22. Bc2 Qg4 23. Bd1 Qxc4 24. Be2 Qg4 25. b6 Qxf3 26. Bxf3 axb6 27. Rxb6 Kc7
28. Rfb1 d5 29. Nh5 Be5 30. R6b5 Kc6 31. Rb6+ Kd7 32. Rc1 Rc8 33. Be2 Bc7 34.
Rb5 b6 35. Nf6+ Kd6 36. Nxg8 Rxg8 37. Ra1 Rc8 38. h3 Ke7 39. Ra7 Kd8 40. Rb1
Ne4 41. Ba6 Rb8 42. f3 Nc3 43. Rb3 Na4 44. Ra3 Nc5 45. Bb5 Kc8 46. Kf2 Bd6 47.
Ra2 Rb7 48. Ba6 Nxa6 49. R2xa6 Kc7 50. Ke2 Kc6 51. Kd3 Rb8 52. Rxh7 Kc5 53.
Rha7 Rg8 54. Ra2 b5 55. Rc2+ Kb6 56. Raa2 b4 57. Rab2 Ra8 58. Rb3 Kb5 59. g4
fxg4 60. hxg4 e5 61. g5 Bc5 62. g6 Ra7 63. Rh2 Rg7 64. Rg2 Ka4 65. Rb1 b3 66.
f4 e4+ 67. Kc3 Bxe3 68. Rxb3 Rc7+ 69. Kb2 Bxf4 70. Ra3+ Kb5 71. Rb3+ Ka5 72.
Rf2 Be5+ 73. Kb1 Ka4 74. Rc2 Rg7 75. Rb6 Ka5 76. Re6 Bd4 77. Rd6 1-0

[Event "Lübecker SV-SK Nordhorn-Blanke"]
[Site "?"]
[Date "2020.09.12"]
[Round "5.1"]
[White "Brunner, Sophia"]
[Black "Bornholdt, Joa Max"]
[Result "0-1"]
[WhiteElo "1859"]
[BlackElo "1914"]
[PlyCount "74"]
[EventDate "2020.??.??"]
[WhiteTeam "SK Nordhorn-Blanke"]
[BlackTeam "Lübecker SV"]

1. b4 e5 2. a3 d5 3. Bb2 Bd6 4. c4 c6 5. Nf3 Qe7 6. e3 Nf6 7. Be2 O-O 8. O-O
Nbd7 9. Qb3 a6 10. d3 e4 11. Ne1 Ne5 12. dxe4 dxe4 13. Nd2 Bg4 14. f3 Bh5 15.
c5 Bc7 16. Nc2 exf3 17. gxf3 Nd5 18. Ne4 Bg6 19. Ng3 Bxc2 20. Qxc2 Nxe3 21. Qc3
Nxf1 22. Rxf1 f6 23. Re1 Qd7 24. f4 Ng6 25. Bc4+ Kh8 26. Be6 Qd8 27. f5 Be5 28.
Qc2 Nf4 29. Bxe5 fxe5 30. Bc4 Qd4+ 31. Kh1 Rad8 32. Bf1 a5 33. Re4 Qa1 34. Qc4
Rd4 35. Rxd4 exd4 36. Kg1 Qc3 37. Qxc3 dxc3 0-1

[Event "Lübecker SV-SK Nordhorn-Blanke"]
[Site "?"]
[Date "2020.09.12"]
[Round "5.2"]
[White "Sickmann, Lisa"]
[Black "ter Stal, Lars"]
[Result "1/2-1/2"]
[WhiteElo "1603"]
[BlackElo "1798"]
[PlyCount "62"]
[EventDate "2020.??.??"]
[WhiteTeam "Lübecker SV"]
[BlackTeam "SK Nordhorn-Blanke"]

1. e4 e6 2. d4 d5 3. exd5 exd5 4. Bd3 Bd6 5. Ne2 Nc6 6. c3 Nge7 7. Bf4 Bg4 8.
f3 Be6 9. Nd2 f6 10. Nf1 g5 11. Bxd6 Qxd6 12. Qc2 O-O-O 13. O-O-O f5 14. Nd2
Rdf8 15. Nb3 h5 16. h3 f4 17. Nc5 Nf5 18. Bxf5 Bxf5 19. Nd3 Re8 20. Rhe1 Re3
21. h4 Rhe8 22. hxg5 Qe7 23. Nexf4 Rxe1 24. Rxe1 Qxe1+ 25. Nxe1 Rxe1+ 26. Kd2
Bxc2 27. Kxe1 Ne7 28. Nxh5 Kd7 29. g4 Ke6 30. f4 b6 31. f5+ Bxf5 1/2-1/2

[Event "Lübecker SV-SK Nordhorn-Blanke"]
[Site "?"]
[Date "2020.09.12"]
[Round "5.3"]
[White "Meijerink, Inken"]
[Black "Poetzsch-Heffter, Frieder"]
[Result "1-0"]
[WhiteElo "1698"]
[BlackElo "1501"]
[PlyCount "81"]
[EventDate "2020.??.??"]
[WhiteTeam "SK Nordhorn-Blanke"]
[BlackTeam "Lübecker SV"]

1. e4 e5 2. Nf3 Nc6 3. d4 exd4 4. Nxd4 Nf6 5. Nc3 Bb4 6. Nxc6 dxc6 7. Qxd8+
Kxd8 8. f3 Re8 9. Bg5 Ke7 10. a3 Ba5 11. O-O-O Kf8 12. Bc4 Be6 13. Bb3 b5 14.
Bxe6 Rxe6 15. Rhe1 Ne8 16. e5 g6 17. f4 Ng7 18. Bh6 Kg8 19. g4 Ree8 20. b4 Bb6
21. Ne4 Red8 22. Nf6+ Kh8 23. Bxg7+ Kxg7 24. Nd7 a5 25. Nxb6 cxb6 26. Rxd8 Rxd8
27. Rd1 Rxd1+ 28. Kxd1 f6 29. Kd2 fxe5 30. fxe5 Kf7 31. Ke3 c5 32. c3 Ke6 33.
Kf4 Kd5 34. h4 Ke6 35. h5 Kf7 36. hxg6+ Kxg6 37. g5 a4 38. e6 c4 39. Ke5 Kg7
40. Kd6 Kf8 41. Kd7 1-0

[Event "Lübecker SV-SK Nordhorn-Blanke"]
[Site "?"]
[Date "2020.09.12"]
[Round "5.4"]
[White "Monakhov, Boris"]
[Black "Hallfarth, Luise"]
[Result "1-0"]
[WhiteElo "1359"]
[BlackElo "1523"]
[PlyCount "79"]
[EventDate "2020.??.??"]
[WhiteTeam "Lübecker SV"]
[BlackTeam "SK Nordhorn-Blanke"]

1. e4 c5 2. Nf3 Nc6 3. d4 cxd4 4. Nxd4 g6 5. Nc3 Bg7 6. Nb3 Nf6 7. g3 O-O 8.
Bg2 e6 9. O-O Ne7 10. Bg5 h6 11. Bf4 d5 12. Qd2 g5 13. Be3 dxe4 14. Rad1 Qxd2
15. Rxd2 Nfd5 16. Bc5 Re8 17. Nxe4 b6 18. Ba3 Ba6 19. Rfd1 Rab8 20. Bd6 Rb7 21.
Nd4 Nf5 22. Nxf5 exf5 23. Nxg5 hxg5 24. Bxd5 Rd7 25. Bc6 Red8 26. Bxd7 Rxd7 27.
Bb8 Rxd2 28. Rxd2 Bxb2 29. Bxa7 Bc4 30. Bxb6 Be6 31. a4 Kg7 32. Bd4+ Bxd4 33.
Rxd4 Kf6 34. a5 Ke5 35. Ra4 Kd6 36. a6 Kc7 37. a7 Bd5 38. Ra5 Ba8 39. Rxf5 Kb6
40. Rxf7 1-0

[Event "SG Jasmund-Weisse Dame HH"]
[Site "?"]
[Date "2020.09.12"]
[Round "5.1"]
[White "Popist, Florian"]
[Black "Johlke, Lukas"]
[Result "1-0"]
[WhiteElo "2017"]
[BlackElo "1732"]
[PlyCount "71"]
[EventDate "2020.??.??"]
[WhiteTeam "Weisse Dame HH"]
[BlackTeam "SG Jasmund"]

1. e4 e5 2. Nf3 Nc6 3. d4 exd4 4. Nxd4 Bc5 5. Nb3 Bb6 6. Nc3 Qf6 7. Qe2 Nge7 8.
Be3 Bxe3 9. Qxe3 a6 10. O-O-O d6 11. Nd5 Nxd5 12. exd5+ Ne7 13. Re1 Kf8 14. Bd3
Bd7 15. Be4 Re8 16. Qd2 Bf5 17. Kb1 Bxe4 18. Rxe4 Ng6 19. Rhe1 Re5 20. Na5 Qf5
21. Rxe5 Nxe5 22. Nxb7 Qd7 23. Na5 f6 24. f4 Ng6 25. Qe3 Qe7 26. Qd2 Qd7 27.
Nc6 Kf7 28. Qe3 Re8 29. Qxe8+ Qxe8 30. Rxe8 Kxe8 31. g3 f5 32. b4 Ne7 33. Nxe7
Kxe7 34. Kb2 Kd7 35. Kb3 Kc8 36. Ka4 1-0

[Event "SG Jasmund-Weisse Dame HH"]
[Site "?"]
[Date "2020.09.12"]
[Round "5.2"]
[White "Johlke, Lorenz"]
[Black "Türk, Janusch"]
[Result "1-0"]
[WhiteElo "1643"]
[BlackElo "1536"]
[PlyCount "63"]
[EventDate "2020.??.??"]
[WhiteTeam "SG Jasmund"]
[BlackTeam "Weisse Dame HH"]

1. e4 e5 2. f4 exf4 3. Nf3 g5 4. Nc3 Nc6 5. Bc4 g4 6. Ng1 Qh4+ 7. Kf1 Bc5 8.
Qe1 Qh6 9. Nd5 Kd8 10. d3 Nge7 11. Bxf4 Qg7 12. Bxc7+ Ke8 13. Bg3 Kd8 14. c3
Nxd5 15. Bxd5 d6 16. d4 Bb6 17. Ke2 Qh6 18. Kd3 f5 19. Ne2 fxe4+ 20. Bxe4 Re8
21. Rf1 Bd7 22. Bh4+ Kc8 23. Rf6 Ne5+ 24. Kc2 Ng6 25. Bxg6 hxg6 26. Qf2 Rxe2+
27. Qxe2 Qxh4 28. Rxd6 Bc7 29. Rd5 Bf5+ 30. Kb3 Qh8 31. Re1 Qg7 32. Qe8+ 1-0

[Event "SG Jasmund-Weisse Dame HH"]
[Site "?"]
[Date "2020.09.12"]
[Round "5.3"]
[White "Worthmann González, Luka"]
[Black "Wellßow, Keoki"]
[Result "1-0"]
[WhiteElo "1173"]
[BlackElo "1578"]
[PlyCount "27"]
[EventDate "2020.??.??"]
[WhiteTeam "Weisse Dame HH"]
[BlackTeam "SG Jasmund"]

1. e4 g6 2. d4 Bg7 3. Nc3 d6 4. Bf4 Nd7 5. Qd2 c6 6. Nf3 Ngf6 7. Bh6 O-O 8.
O-O-O b5 9. Bxg7 Kxg7 10. e5 dxe5 11. dxe5 Ng4 12. Qd4 Ngf6 13. exf6+ exf6 14.
Ne4 1-0